000 00562nam a22001697a 4500
003 OSt
005 20171010095525.0
008 110907t xxu||||| |||| 00| 0 eng d
040 _aMMSU
_cULS
100 _aPastor, Floramante C.
_94074
245 _aBiocapacity and ecological footprint for rice and wood in the Philippines
_cFloramante C. Pastor
260 _c2007
300 _axii, 172 leaves
_c28 cm.
500 _aThesis (Ph.D.-Envi Sci) -- University of the Philippines, Los Banos, Laguna
504 _aBibliography: leaves 171-172
942 _2ddc
_cTHEDIS
999 _c9779
_d9779